[Event "Philadelphia International"]
[Site "Philadelphia"]
[Date "2012.07.01"]
[Round "6.11"]
[White "Gokhale, Chandrashekar"]
[Black "Garcia, Gildardo"]
[Result "1-0"]
[WhiteElo "2218"]
[BlackElo "2414"]
[PlyCount "95"]
[EventDate "2012.07.??"]
[EventType "swiss"]
[EventRounds "9"]
[EventCountry "USA"]
[Source "MonRoi"]

1. d4 Nf6 2. Nf3 g6 3. Bf4 Bg7 4. e3 d6 5. h3 Nbd7 6. c4 O-O 7. Nc3 e6 8. Be2
Qe7 9. Bh2 e5 10. c5 a6 11. O-O e4 12. cxd6 cxd6 13. Nd2 b5 14. Ndxe4 Ne8 15.
Bf3 Bb7 16. Nxd6 Nxd6 17. Bxd6 Qxd6 18. Bxb7 Rab8 19. Qf3 Nb6 20. Bxa6 Nc4 21.
Bxb5 Nd2 22. Qe2 Nxf1 23. Rxf1 f5 24. Bc4+ Kh8 25. Nd5 g5 26. f4 Rfe8 27. Qh5
gxf4 28. Rxf4 Rxe3 29. Rh4 Re1+ 30. Kf2 h6 31. Kxe1 Qg3+ 32. Kf1 Rxb2 33. Qe8+
Kh7 34. Nf6+ Bxf6 35. Bg8+ Qxg8 36. Rxh6+ Kxh6 37. Qxg8 Bxd4 38. Qd5 Rf2+ 39.
Ke1 Rf4 40. a4 Re4+ 41. Kd2 Be5 42. Kd3 Kg5 43. a5 Re1 44. Qe6 Kf4 45. Qh6+ Kg3
46. a6 Kh2 47. Qe6 f4 48. a7 1-0

[Event "Philadelphia International"]
[Site "Philadelphia"]
[Date "2012.07.01"]
[Round "6.13"]
[White "Rout, Padmini"]
[Black "Kaufman, Lawrence"]
[Result "1/2-1/2"]
[WhiteElo "2345"]
[BlackElo "2380"]
[PlyCount "52"]
[EventDate "2012.07.??"]
[EventType "swiss"]
[EventRounds "9"]
[EventCountry "USA"]
[Source "MonRoi"]

1. e4 e5 2. Nf3 Nc6 3. Bb5 a6 4. Ba4 Nf6 5. O-O Be7 6. Re1 b5 7. Bb3 O-O 8. h3
Bb7 9. d3 d5 10. exd5 Nxd5 11. Nxe5 Nxe5 12. Rxe5 Qd6 13. Re1 Rae8 14. Nd2 c5
15. a4 c4 16. Ba2 Nb4 17. Bb1 cxd3 18. cxd3 Nxd3 19. Ne4 Bxe4 20. Rxe4 Nxc1 21.
Qxc1 Rc8 22. Bc2 Bf6 23. axb5 axb5 24. Qd1 Qxd1+ 25. Bxd1 Bxb2 26. Rb1 Rc1
1/2-1/2

[Event "Philadelphia International"]
[Site "Philadelphia"]
[Date "2012.07.01"]
[Round "6.14"]
[White "Jayakumar, Adarsh"]
[Black "Bartell, Thomas"]
[Result "1/2-1/2"]
[WhiteElo "2267"]
[BlackElo "2369"]
[PlyCount "81"]
[EventDate "2012.07.??"]
[EventType "swiss"]
[EventRounds "9"]
[EventCountry "USA"]
[Source "MonRoi"]

1. d4 Nf6 2. c4 g6 3. g3 Bg7 4. Bg2 O-O 5. Nf3 d6 6. O-O Nc6 7. h3 e5 8. Nc3 h6
9. e4 Nd7 10. Be3 exd4 11. Nxd4 Nxd4 12. Bxd4 Ne5 13. f4 Nc6 14. Bxg7 Kxg7 15.
Nd5 Be6 16. Qd2 f6 17. b4 a5 18. b5 Nb8 19. Ne3 Nd7 20. f5 Bf7 21. fxg6 Bxg6
22. Nf5+ Bxf5 23. exf5 Qb8 24. Rf4 Ne5 25. Re1 Qa7+ 26. Kh2 Rae8 27. Ree4 h5
28. Rh4 Rh8 29. Qe2 Qc5 30. Rxh5 Rxh5 31. Qxh5 Rh8 32. Qe2 c6 33. bxc6 bxc6 34.
Qb2 Qb4 35. Qf2 Qc5 36. Qb2 Qb4 37. Qf2 Qc5 38. Rd4 Kf7 39. Qf4 Rb8 40. Qh4 Rb2
41. Qh7+ 1/2-1/2

[Event "Philadelphia International"]
[Site "Philadelphia"]
[Date "2012.07.01"]
[Round "6.16"]
[White "Pratyusha, Bodda"]
[Black "Karavade, Eesha"]
[Result "1/2-1/2"]
[WhiteElo "2123"]
[BlackElo "2353"]
[PlyCount "28"]
[EventDate "2012.07.??"]
[EventType "swiss"]
[EventRounds "9"]
[EventCountry "USA"]
[Source "MonRoi"]

1. e4 c5 2. Nc3 d6 3. f4 g6 4. Nf3 Bg7 5. d4 cxd4 6. Nxd4 Nc6 7. Be3 Nf6 8. Qd2
O-O 9. O-O-O Ng4 10. Bg1 Nxd4 11. Bxd4 e5 12. Bc5 exf4 13. Bxd6 Ne3 14. Re1
Bxc3 1/2-1/2

[Event "Philadelphia International"]
[Site "Philadelphia"]
[Date "2012.07.01"]
[Round "6.17"]
[White "Ostrovskiy, Aleksandr"]
[Black "Patil, Anuprita"]
[Result "1/2-1/2"]
[WhiteElo "2322"]
[BlackElo "2101"]
[PlyCount "68"]
[EventDate "2012.07.??"]
[EventType "swiss"]
[EventRounds "9"]
[EventCountry "USA"]
[Source "MonRoi"]

1. e4 c5 2. Nf3 e6 3. d3 Nc6 4. g3 Nge7 5. b3 e5 6. Bg2 g6 7. h4 h5 8. O-O Bg7
9. Be3 d6 10. Qd2 Nd4 11. Ne1 O-O 12. Bh6 Be6 13. Bxg7 Kxg7 14. c3 Ndc6 15. Nf3
Bg4 16. Na3 Qd7 17. Nc2 d5 18. exd5 Nxd5 19. d4 cxd4 20. cxd4 e4 21. Ne5 Nxe5
22. dxe5 f5 23. exf6+ Nxf6 24. Qxd7+ Bxd7 25. Ne3 Bc6 26. Rfd1 Rad8 27. Bf1 Nd5
28. Nxd5 Rxd5 29. Rxd5 Bxd5 30. Rd1 Bc6 31. Bg2 Re8 32. Kf1 e3 33. fxe3 Bxg2+
34. Kxg2 Rxe3 1/2-1/2

[Event "Philadelphia International"]
[Site "Philadelphia"]
[Date "2012.07.01"]
[Round "6.19"]
[White "Santana, Mauricio"]
[Black "Coraretti, Benjamin"]
[Result "1-0"]
[WhiteElo "2316"]
[BlackElo "2066"]
[PlyCount "117"]
[EventDate "2012.07.??"]
[EventType "swiss"]
[EventRounds "9"]
[EventCountry "USA"]
[Source "MonRoi"]

1. d4 d5 2. c4 e5 3. e3 Nc6 4. Nf3 Bg4 5. Nc3 Nf6 6. cxd5 Nxd5 7. Qb3 Bxf3 8.
gxf3 Nb6 9. d5 Ne7 10. e4 a6 11. Be3 Ng6 12. O-O-O Bd6 13. Ne2 Qd7 14. h4 Qa4
15. Qxa4+ Nxa4 16. h5 Nf8 17. f4 exf4 18. Nxf4 O-O-O 19. Nd3 Nd7 20. f4 Rhe8
21. e5 f6 22. e6 Ndb6 23. Nf2 Bf8 24. Bg2 Nc4 25. Bd4 Nab6 26. b3 Na3 27. Be3
Nb5 28. Rd3 Bb4 29. Kc2 Kb8 30. Rhd1 Nd6 31. Ne4 Nf5 32. Bf2 Nc8 33. Bh3 Nce7
34. Nc5 Bxc5 35. Bxc5 g6 36. hxg6 hxg6 37. R1d2 Rh8 38. Kb2 Rh4 39. Bxf5 Nxf5
40. Rg2 b6 41. d6 Nxd6 42. Bxd6 cxd6 43. e7 Re8 44. Rxd6 Kc7 45. Rxf6 Rxe7 46.
Rgxg6 b5 47. Ka3 a5 48. Ra6 b4+ 49. Ka4 Re2 50. Ra7+ Kb8 51. Rf7 Rxa2+ 52. Kb5
Rh8 53. Rb6+ Kc8 54. Ra6 Kb8 55. f5 Rd8 56. f6 a4 57. Rxa4 Rxa4 58. Kxa4 Rd4
59. Re7 1-0

[Event "Philadelphia International"]
[Site "Philadelphia"]
[Date "2012.07.01"]
[Round "6.21"]
[White "Nahutin, Yevgeni"]
[Black "Vazquez, Raul"]
[Result "0-1"]
[WhiteElo "1999"]
[BlackElo "2287"]
[PlyCount "92"]
[EventDate "2012.07.??"]
[EventType "swiss"]
[EventRounds "9"]
[EventCountry "USA"]
[Source "MonRoi"]

1. e4 c5 2. Nf3 d6 3. d4 cxd4 4. Nxd4 Nf6 5. Nc3 a6 6. Be2 e5 7. Nb3 Be7 8. Be3
Be6 9. O-O O-O 10. f4 exf4 11. Bxf4 Nc6 12. Bf3 Ne5 13. h3 Rc8 14. Bxe5 dxe5
15. Qxd8 Rfxd8 16. Rad1 b5 17. Rxd8+ Bxd8 18. a3 Bb6+ 19. Kh2 Kf8 20. Rd1 Ke7
21. Rd2 h5 22. Nc1 Be3 23. Rd1 g5 24. Nd3 g4 25. Be2 Bd4 26. Nb4 Bxc3 27. bxc3
Nxe4 28. Nxa6 g3+ 29. Kg1 Nxc3 30. Re1 Nxe2+ 31. Rxe2 Ra8 32. Nb4 Rxa3 33. Re1
f6 34. Nd3 Ra2 35. Rc1 h4 36. Kf1 Bc4 37. Ke1 Bxd3 38. cxd3 Rxg2 39. Rc7+ Ke6
40. Rh7 Rb2 41. Kf1 f5 42. Rh6+ Kd5 43. Rxh4 g2+ 44. Kg1 f4 45. Rg4 f3 46. h4
Rb1+ 0-1

[Event "Philadelphia International"]
[Site "Philadelphia"]
[Date "2012.07.01"]
[Round "6.22"]
[White "Ulrich, Thomas"]
[Black "Aaron, Deepak"]
[Result "1-0"]
[WhiteElo "2086"]
[BlackElo "2263"]
[PlyCount "81"]
[EventDate "2012.07.??"]
[EventType "swiss"]
[EventRounds "9"]
[EventCountry "USA"]
[Source "MonRoi"]

1. d4 d5 2. c4 c6 3. Nf3 Nf6 4. e3 a6 5. Bd3 b5 6. b3 Bg4 7. Nbd2 e6 8. O-O Bh5
9. Qc2 Bg6 10. Bxg6 hxg6 11. e4 Be7 12. Re1 dxc4 13. bxc4 O-O 14. a4 Nbd7 15.
e5 Nh7 16. c5 Qc7 17. Ne4 Rfb8 18. Bd2 a5 19. h4 Ndf8 20. g3 b4 21. Kg2 Qd8 22.
Nd6 Bxd6 23. cxd6 Qb6 24. Be3 Qb7 25. Qe4 b3 26. Reb1 Ra6 27. Nd2 Rb6 28. Nc4
f5 29. Qf3 Ra6 30. Bd2 Qa7 31. Nxa5 Qxd4 32. Bc3 Qd5 33. Qxd5 exd5 34. Nxb3 Ne6
35. Nd4 Rxb1 36. Rxb1 Nxd4 37. Rb8+ Kf7 38. Bxd4 Nf8 39. Rb7+ Kg8 40. Re7 Rxa4
41. e6 1-0

[Event "Philadelphia International"]
[Site "Philadelphia"]
[Date "2012.07.01"]
[Round "6.24"]
[White "Castaneda, Nelson"]
[Black "Lopez, Jorge"]
[Result "1-0"]
[WhiteElo "2244"]
[BlackElo "2090"]
[PlyCount "77"]
[EventDate "2012.07.??"]
[EventType "swiss"]
[EventRounds "9"]
[EventCountry "USA"]
[Source "MonRoi"]

1. Nf3 Nf6 2. d4 e6 3. g3 d5 4. Bg2 c5 5. c4 Nc6 6. O-O cxd4 7. Nxd4 Qb6 8. Nb3
Be7 9. Be3 Qc7 10. cxd5 Nxd5 11. Bxd5 exd5 12. Nc3 Bh3 13. Nxd5 Qd7 14. Nxe7
Qxe7 15. Bc5 Qe4 16. f3 Qe6 17. Rf2 Rd8 18. Qe1 b6 19. Ba3 f6 20. Rc1 Kf7 21.
Nd2 Rhe8 22. Ne4 Rd7 23. b3 h6 24. Bb2 f5 25. Nd2 Nb4 26. Nc4 Nd3 27. Qc3 Nxb2
28. Nxb2 Red8 29. Nd3 Qf6 30. Ne5+ Ke6 31. Nxd7 Qxc3 32. Rxc3 Rxd7 33. Re3+ Kf6
34. Rd3 Rc7 35. Rd1 f4 36. gxf4 Kf5 37. e3 Rc3 38. Re2 Rc6 39. Rd5+ 1-0

[Event "Philadelphia International"]
[Site "Philadelphia"]
[Date "2012.07.01"]
[Round "6.25"]
[White "Kelley, Dereque"]
[Black "Chan, James"]
[Result "1-0"]
[WhiteElo "2242"]
[BlackElo "2021"]
[PlyCount "77"]
[EventDate "2012.07.??"]
[EventType "swiss"]
[EventRounds "9"]
[EventCountry "USA"]
[Source "MonRoi"]

1. d4 d5 2. c4 c6 3. Nc3 Nf6 4. e3 a6 5. Qc2 g6 6. Bd3 Bg7 7. b3 O-O 8. Nf3
Nbd7 9. O-O Re8 10. Bb2 e6 11. Rad1 b5 12. h3 Bb7 13. a4 b4 14. Ne2 a5 15. c5
Ba6 16. Bxa6 Rxa6 17. Ng3 Ra7 18. e4 h6 19. e5 Nh7 20. Rfe1 Ndf8 21. Bc1 Ng5
22. Bxg5 hxg5 23. Qd2 Nh7 24. Nh2 Ra8 25. Ng4 Qc7 26. Re2 Qb7 {Nxb2 Nxb2 Red8
Nd3 Qf6} 27. Rf1 {Ke6 Nxd7 Qxc3 Rxc3 Rxd7 Re3} Rf8 {Rd3} 28. f4 {Rd1} Qe7 29.
Ref2 Ra7 30. Ne2 {Rc3 Re2 Rc6} gxf4 31. Nxf4 Qh4 32. Qd3 Ng5 33. Nxg6 Qh7 34.
Nf6+ Bxf6 35. Rxf6 Ne4 36. Nxf8 Kxf8 37. Rxe6 Kg8 38. Rxc6 f5 39. exf6 1-0

[Event "Philadelphia International"]
[Site "Philadelphia"]
[Date "2012.07.01"]
[Round "6.28"]
[White "Wheeler, Cameron"]
[Black "Belliard, Luis"]
[Result "1-0"]
[WhiteElo "2066"]
[BlackElo "2170"]
[PlyCount "95"]
[EventDate "2012.07.??"]
[EventType "swiss"]
[EventRounds "9"]
[EventCountry "USA"]
[Source "MonRoi"]

1. c4 c5 2. g3 g6 3. Bg2 Bg7 4. Nc3 Nc6 5. Nf3 d6 6. O-O Bd7 7. d3 a6 8. Bd2
Rb8 9. a4 Nf6 10. Nd5 O-O 11. Bc3 e6 12. Nxf6+ Bxf6 13. Qd2 b5 14. axb5 axb5
15. b3 e5 16. h4 Bg7 17. Ng5 h6 18. Ne4 Qe7 19. Ra6 Rfc8 20. f4 f5 21. Nf2 Nd4
22. fxe5 Bxe5 23. Bxd4 cxd4 24. Qxh6 Qg7 25. Bd5+ Kf8 26. Qxg7+ Bxg7 {Nxb2
Nxb2 Red8 Nd3 Qf6} 27. Rxd6 {Ke6 Nxd7 Qxc3 Rxc3 Rxd7 Re3} Be8 {Rd3} 28. Ne4 {
Rd1} Rd8 29. Rxd8 Rxd8 30. g4 {Rc3 Re2 Rc6} bxc4 31. bxc4 Bd7 32. Nc5 Bc8 33.
gxf5 gxf5 34. Be6 Ke7 35. Bxf5 Kd6 36. Ne4+ Ke5 37. Bxc8 Rxc8 38. Kg2 Rh8 39.
Kg3 Rg8 40. Kg4 Ke6 41. Ng5+ Kd6 42. Rf5 Re8 43. Rd5+ Kc6 44. Ne4 Re6 45. Kf5
Rh6 46. Kg5 Re6 47. h5 Kb6 48. Rd6+ 1-0

[Event "Philadelphia International"]
[Site "Philadelphia"]
[Date "2012.07.01"]
[Round "6.29"]
[White "Acosta, Mariano"]
[Black "Liang, Adream"]
[Result "1/2-1/2"]
[WhiteElo "2086"]
[BlackElo "1851"]
[PlyCount "73"]
[EventDate "2012.07.??"]
[EventType "swiss"]
[EventRounds "9"]
[EventCountry "USA"]
[Source "MonRoi"]

1. d4 d5 2. Nf3 Nf6 3. e3 c6 4. Bd3 Bg4 5. c4 e6 6. Qb3 Qc7 7. Ne5 Nbd7 8. Nxg4
Nxg4 9. h3 Ngf6 10. cxd5 cxd5 11. Nc3 a6 12. Bd2 Bd6 13. Rc1 Qb6 14. Qc2 Rc8
15. O-O O-O 16. Qb1 Qa7 17. Rfd1 Rc7 18. Ne2 Rfc8 19. Rxc7 Rxc7 20. Rc1 Qb8 21.
f4 Qc8 22. Rc3 Rxc3 23. Nxc3 b5 24. a4 b4 25. Ne2 a5 26. g4 g6 {Nxb2 Nxb2 Red8
Nd3 Qf6} 27. g5 {Ke6 Nxd7 Qxc3 Rxc3 Rxd7 Re3} Nh5 {Rd3} 28. Qe1 {Rd1} Nb6 29.
b3 Qc7 30. Kg2 {Rc3 Re2 Rc6} Nc8 31. Ng3 Nxg3 32. Qxg3 Ne7 33. h4 Nf5 34. Qg4
Qc6 35. h5 Be7 36. hxg6 hxg6 37. Qd1 1/2-1/2

[Event "Philadelphia International"]
[Site "Philadelphia"]
[Date "2012.07.02"]
[Round "7.1"]
[White "Evdokimov, Alexander"]
[Black "Gupta, Abhijeet"]
[Result "0-1"]
[WhiteElo "2544"]
[BlackElo "2644"]
[PlyCount "101"]
[EventDate "2012.07.??"]
[EventType "swiss"]
[EventRounds "9"]
[EventCountry "USA"]
[Source "MonRoi"]
[TimeControl "5400+1085"]
[WhiteClock "0:06:00"]
[BlackClock "1:19:09"]

1. d4 Nf6 2. c4 g6 3. Nc3 d5 4. Nf3 Bg7 5. Qb3 dxc4 6. Qxc4 O-O 7. e4 a6 8. Be2
b5 9. Qb3 c5 10. dxc5 Bb7 11. e5 Nfd7 12. Be3 Qc7 13. Nd5 Qa5+ 14. Kf1 e6 15.
Nf4 Nc6 16. Nd3 Ndxe5 17. Nfxe5 Nxe5 18. Nxe5 Bd5 19. Qc3 Qxc3 20. bxc3 Bxe5
21. Bd4 Bxd4 22. cxd4 e5 23. dxe5 Rfc8 24. Bf3 Rxc5 25. Bxd5 Rxd5 26. h4 Rxe5
27. Rh3 Rd8 28. Ra3 Re6 29. Re1 Rdd6 30. g3 h5 31. Ree3 Rxe3 32. Rxe3 Kg7 33.
Rf3 a5 34. Rb3 Rd5 35. Ke2 Kf6 36. Rc3 Ke5 37. Rc7 Kd4 38. Rxf7 Kc3 39. Rf6
Rd2+ 40. Ke3 Rxa2 41. Rxg6 a4 42. Rc6+ Kb3 43. g4 hxg4 44. Rc1 a3 45. h5 g3 46.
fxg3 Rh2 47. Rb1+ Ka4 48. g4 a2 49. Ra1 Ka3 50. g5 Rxh5 51. Kd4 0-1

[Event "Philadelphia International"]
[Site "Philadelphia"]
[Date "2012.07.02"]
[Round "7.3"]
[White "Venkatesh, Marani"]
[Black "Jankovic, Alojzije"]
[Result "1-0"]
[WhiteElo "2517"]
[BlackElo "2564"]
[PlyCount "53"]
[EventDate "2012.07.??"]
[EventType "swiss"]
[EventRounds "9"]
[EventCountry "USA"]
[Source "MonRoi"]
[TimeControl "6000+1490"]
[WhiteClock "0:02:30"]
[BlackClock "0:03:25"]

1. e4 c5 2. Nc3 d6 3. f4 g6 4. Nf3 Bg7 5. Bc4 Nc6 6. O-O e6 7. d3 Nge7 8. Qe1
O-O 9. Bb3 Na5 10. Bd2 Nec6 11. Qf2 b6 12. Rae1 d5 13. exd5 Nxb3 14. dxc6 Nxd2
15. Qxd2 Qc7 16. Ne5 f6 17. Nb5 Qd8 18. Nc4 Rf7 19. Nbd6 Rc7 20. Qe2 Rxc6 21.
Qf3 Bd7 22. Rxe6 h5 23. Rfe1 b5 24. Re8+ Qxe8 25. Nxe8 Rxe8 26. Rxe8+ Bxe8 27.
Qd5+ 1-0

[Event "Philadelphia International"]
[Site "Philadelphia"]
[Date "2012.07.02"]
[Round "7.4"]
[White "Sethuraman, SP."]
[Black "Bosiocici, Marin"]
[Result "1-0"]
[WhiteElo "2546"]
[BlackElo "2555"]
[PlyCount "144"]
[EventDate "2012.07.??"]
[EventType "swiss"]
[EventRounds "9"]
[EventCountry "USA"]
[Source "MonRoi"]
[TimeControl "6000+1180"]
[WhiteClock "0:04:37"]
[BlackClock "0:39:37"]

1. e4 e5 2. Nf3 Nc6 3. d4 exd4 4. Nxd4 Nf6 5. Nxc6 bxc6 6. e5 Qe7 7. Qe2 Nd5 8.
c4 Ba6 9. Nd2 O-O-O 10. b3 g5 11. Bb2 Bg7 12. Qe4 Nf4 13. O-O-O Bb7 14. Qf5 c5
15. Ne4 h6 16. h4 Qe6 17. Qxe6 Nxe6 18. Re1 Rhe8 19. hxg5 hxg5 20. Rh7 Rh8 21.
Nxg5 Rxh7 22. Nxh7 d6 23. Nf6 Nd4 24. f4 dxe5 25. fxe5 Bh6+ 26. Kb1 Bd2 27. Rd1
Bf4 28. g3 Bxg3 29. Bh3+ Kb8 30. Bxd4 cxd4 31. Nd7+ Ka8 32. Rxd4 Rg8 33. Bf5
Bf2 34. Rd2 Rg1+ 35. Kc2 Rg2 36. b4 Be1 37. Rxg2 Bxg2 38. a3 a6 39. Kd3 Bf1+
40. Kd4 Bf2+ 41. Kc3 Be1+ 42. Kb3 a5 43. Be4+ Ka7 44. c5 axb4 45. axb4 Bh3 46.
c6 Be6+ 47. Ka4 Bh4 48. Kb5 Bg3 49. Ka5 Bb3 50. Bf5 Bf4 51. Kb5 Bg3 52. Bd3 Bd1
53. Bc4 Bh5 54. Bd5 Be2+ 55. Ka5 Bh5 56. b5 Bh4 57. Kb4 Be7+ 58. Kc3 Bg4 59.
Nf6 Bxf6 60. exf6 Bh5 61. Kd4 Kb6 62. Bc4 Bg6 63. Kd5 Bh5 64. Ke5 Kc5 65. Kf4
Kd6 66. Kg5 Bg6 67. Kh6 Kc5 68. Kg7 Kxc4 69. b6 cxb6 70. c7 Bf5 71. Kxf7 b5 72.
Ke7 Kd5 1-0

[Event "Philadelphia International"]
[Site "Philadelphia"]
[Date "2012.07.02"]
[Round "7.5"]
[White "Ippolito, Dean"]
[Black "Gujrathi, Vidit"]
[Result "1/2-1/2"]
[WhiteElo "2432"]
[BlackElo "2528"]
[PlyCount "23"]
[EventDate "2012.07.??"]
[EventType "swiss"]
[EventRounds "9"]
[EventCountry "USA"]
[Source "MonRoi"]
[TimeControl "6000+1105"]
[WhiteClock "1:04:00"]
[BlackClock "1:17:25"]

1. d4 Nf6 2. c4 e6 3. Nc3 Bb4 4. Nf3 d5 5. cxd5 exd5 6. Bg5 Nbd7 7. e3 c5 8.
dxc5 Qa5 9. Rc1 Bxc3+ 10. bxc3 O-O 11. Nd4 Ne4 12. Bf4 1/2-1/2

[Event "Philadelphia International"]
[Site "Philadelphia"]
[Date "2012.07.02"]
[Round "7.7"]
[White "Zapata, Alonso"]
[Black "Sachdev, Tania"]
[Result "1/2-1/2"]
[WhiteElo "2484"]
[BlackElo "2417"]
[PlyCount "99"]
[EventDate "2012.07.??"]
[EventType "swiss"]
[EventRounds "9"]
[EventCountry "USA"]
[Source "MonRoi"]

1. e4 e5 2. Nf3 Nc6 3. Bb5 f5 4. d3 fxe4 5. dxe4 Nf6 6. O-O Bc5 7. Qe2 d6 8. a4
a5 9. Bc4 Nd4 10. Nxd4 Bxd4 11. Nd2 Qe7 12. Nf3 Bg4 13. Qd3 Bb6 14. h3 Be6 15.
Be3 Bxe3 16. fxe3 O-O 17. Bxe6+ Qxe6 18. Rf2 Kh8 19. Raf1 Qe7 20. Nd2 b6 21.
Qc4 Qf7 22. Qc6 Rac8 23. Nb1 Qe8 24. Qc4 Qf7 25. Qd3 Qg6 26. Nc3 Nd7 27. Qa6
Nf6 28. Qc4 Qf7 29. Nd5 Qg8 30. Qc6 Nxd5 31. exd5 Rxf2 32. Rxf2 h6 33. b3 Qd8
34. Rf3 Kg8 35. Kf1 Qe7 36. Ke2 Rf8 37. Rxf8+ Kxf8 38. Qa8+ Kf7 39. Qc8 Kg6 40.
g3 Qf7 41. e4 Kh7 42. Qg4 Kh8 43. h4 Kh7 44. Qf3 Qe8 45. Qf5+ Kh8 46. g4 b5 47.
g5 bxa4 48. bxa4 hxg5 49. hxg5 Qxa4 50. g6 1/2-1/2

[Event "Philadelphia International"]
[Site "Philadelphia"]
[Date "2012.07.02"]
[Round "7.11"]
[White "Garcia, Gildardo"]
[Black "Wheeler, Cameron"]
[Result "0-1"]
[WhiteElo "2414"]
[BlackElo "2066"]
[PlyCount "118"]
[EventDate "2012.07.??"]
[EventType "swiss"]
[EventRounds "9"]
[EventCountry "USA"]
[Source "MonRoi"]

1. e4 e6 2. d3 c5 3. Nf3 Nc6 4. g3 g6 5. Bg2 Bg7 6. O-O Nge7 7. Re1 d6 8. c3 e5
9. a3 a5 10. a4 O-O 11. Na3 h6 12. d4 exd4 13. cxd4 Nxd4 14. Nxd4 cxd4 15. Nb5
Qb6 16. Bf4 Rd8 17. h4 Be6 18. Qd2 Bc4 19. Na3 Ba6 20. Bxh6 Bxh6 21. Qxh6 d3
22. Qg5 Nc6 23. h5 Qc5 24. e5 Nxe5 25. Qf4 Qb4 26. Bd5 d2 27. Re4 Qxb2 28. Rd1
Rd7 29. Nb5 Bxb5 30. hxg6 Nxg6 31. Qg5 Kg7 32. axb5 Qc2 33. Qxd2 Qxd2 34. Rxd2
Rc8 35. Ra4 Rc1+ 36. Kg2 b6 37. Bc6 Rd8 38. Rad4 Ne5 39. Bd5 Rh8 40. Rd1 Rc5
41. f4 Ng4 42. Kf3 f5 43. Be6 Kf6 44. Bc4 d5 45. Bd3 Rh2 46. Bxf5 Kxf5 47.
Rxd5+ Rxd5 48. Rxd5+ Ke6 49. Rd8 Nf6 50. g4 Rh3+ 51. Kg2 Rb3 52. g5 Nh5 53. Rf8
Rxb5 54. Kf3 Rf5 55. Rh8 Nxf4 56. Ke4 Ng6 57. Re8+ Ne7 {Kc5} 58. Rxe7+ {d4 Kc2
Kb4 Bf1 Ka3 Bc4 Kb4 Bf1} Kxe7 {Bd3 Kb4} 59. Kxf5 a4 0-1

[Event "Philadelphia International"]
[Site "Philadelphia"]
[Date "2012.07.02"]
[Round "7.12"]
[White "Sarkar, Justin"]
[Black "Gokhale, Chandrashekar"]
[Result "1/2-1/2"]
[WhiteElo "2411"]
[BlackElo "2218"]
[PlyCount "128"]
[EventDate "2012.07.??"]
[EventType "swiss"]
[EventRounds "9"]
[EventCountry "USA"]
[Source "MonRoi"]

1. d4 d6 2. c4 e5 3. d5 g6 4. Nc3 Bg7 5. e4 a5 6. a3 Nf6 7. f3 Nh5 8. Be3 O-O
9. Qd2 Nd7 10. Bd3 b6 11. Nge2 Nc5 12. Bc2 f5 13. O-O a4 14. Bxc5 bxc5 15. Bxa4
Nf4 16. Bc6 Rb8 17. g3 Nxe2+ 18. Qxe2 h5 19. exf5 gxf5 20. f4 h4 21. Nb5 Rf7
22. Rf2 Ba6 23. Rg2 hxg3 24. hxg3 exf4 25. gxf4 Qh4 26. Qf2 Qh6 27. Re1 Bxb5
28. cxb5 Kf8 29. Re6 Qh5 30. Rg5 Qd1+ 31. Kg2 Bf6 32. Qe2 Qxe2+ 33. Rxe2 Bxg5
34. fxg5 f4 35. Kf3 Kg7 36. Re6 Rh8 37. Rh6 Rxh6 38. gxh6+ Kxh6 39. a4 Kg5 40.
a5 Rh7 41. a6 Rh3+ 42. Kg2 Rb3 43. a7 Rxb2+ 44. Kf3 Ra2 45. a8=R Rxa8 46. Bxa8
c4 47. b6 cxb6 48. Bc6 Kf5 49. Bb5 c3 50. Ba6 Ke5 51. Ke2 Kd4 52. Kd1 Kxd5 53.
Kc2 Kd4 54. Kb3 d5 55. Bf1 f3 56. Kc2 f2 57. Kb3 b5 58. Bxb5 Kc5 59. Bd3 d4 60.
Kc2 Kb4 61. Bf1 Ka3 62. Bc4 Kb4 63. Bf1 Kc5 64. Bd3 Kb4 1/2-1/2

[Event "Philadelphia International"]
[Site "Philadelphia"]
[Date "2012.07.02"]
[Round "7.14"]
[White "Bartell, Thomas"]
[Black "Pratyusha, Bodda"]
[Result "1-0"]
[WhiteElo "2369"]
[BlackElo "2123"]
[PlyCount "73"]
[EventDate "2012.07.??"]
[EventType "swiss"]
[EventRounds "9"]
[EventCountry "USA"]
[Source "MonRoi"]

1. d4 Nf6 2. c4 e6 3. Nc3 Bb4 4. e3 O-O 5. Nf3 d5 6. Bd3 Nbd7 7. O-O dxc4 8.
Bxc4 a6 9. a3 Bxc3 10. bxc3 b5 11. Bd3 c5 12. a4 Rb8 13. axb5 axb5 14. Qe2 c4
15. Bc2 Bb7 16. e4 Re8 17. e5 Nd5 18. Ng5 f5 19. exf6 N7xf6 20. Bd2 b4 21. Qxc4
bxc3 22. Bc1 Qd6 23. Ba3 Qf4 24. Nh3 Qh4 25. Bd6 Rbc8 26. Qd3 Qh6 27. f4 Red8
28. Ra7 Bc6 29. Bc5 Nc7 30. Qe3 Nb5 31. Qxe6+ Kh8 32. Ng5 Be8 33. Re7 Qh5 34.
Rxg7 Kxg7 35. Bf8+ Kxf8 36. Qxf6+ Bf7 37. Ne6+ 1-0

[Event "Philadelphia International"]
[Site "Philadelphia"]
[Date "2012.07.02"]
[Round "7.15"]
[White "Patil, Anuprita"]
[Black "Burnett, Ronald"]
[Result "1/2-1/2"]
[WhiteElo "2101"]
[BlackElo "2360"]
[PlyCount "77"]
[EventDate "2012.07.??"]
[EventType "swiss"]
[EventRounds "9"]
[EventCountry "USA"]
[Source "MonRoi"]

1. Nf3 g6 2. g3 Bg7 3. d4 b5 4. Bg2 Bb7 5. O-O Nf6 6. Nbd2 O-O 7. c4 bxc4 8.
Nxc4 Bd5 9. b3 a5 10. Bb2 d6 11. Rc1 Nc6 12. Ne3 Be4 13. Rc4 Nb4 14. a3 Nbd5
15. Nxd5 Bxd5 16. Rc1 Qb8 17. Nd2 Bxg2 18. Kxg2 Qb7+ 19. Kg1 Rfc8 20. Rc2 h5
21. e3 Rab8 22. Bc3 Nd5 23. Bxa5 c5 24. dxc5 dxc5 25. Qf3 Qa8 26. b4 Nc3 27.
Qxa8 Rxa8 28. Kg2 Nb5 29. Nc4 cxb4 30. axb4 Rab8 31. Rfc1 Rc6 32. Nd2 Rxc2 33.
Rxc2 Nc3 34. Rc1 Nd5 35. Rb1 Bc3 36. Ne4 Bxb4 37. Bxb4 Nxb4 38. Nc5 Rc8 39.
Rxb4 1/2-1/2

[Event "Philadelphia International"]
[Site "Philadelphia"]
[Date "2012.07.02"]
[Round "7.17"]
[White "Vazquez, Raul"]
[Black "Rout, Padmini"]
[Result "0-1"]
[WhiteElo "2287"]
[BlackElo "2345"]
[PlyCount "96"]
[EventDate "2012.07.??"]
[EventType "swiss"]
[EventRounds "9"]
[EventCountry "USA"]
[Source "MonRoi"]

1. e4 c5 2. Nf3 d6 3. d4 cxd4 4. Nxd4 Nf6 5. Nc3 a6 6. Bg5 e6 7. f4 Qc7 8. Bxf6
gxf6 9. Qd2 b5 10. Bd3 Bb7 11. O-O-O Nd7 12. Kb1 O-O-O 13. a3 Kb8 14. Rhf1 Qb6
15. Nb3 Nc5 16. Qe3 Na4 17. Qxb6 Nxb6 18. Be2 h5 19. f5 e5 20. Nc5 Bc8 21. Nd3
d5 22. Nxd5 Nxd5 23. exd5 Rxd5 24. Nf2 Rxd1+ 25. Nxd1 Bb7 26. g3 h4 27. Nc3
hxg3 28. hxg3 e4 29. Rd1 Kc7 30. a4 bxa4 31. Nd5+ Bxd5 32. Rxd5 Rh2 33. Bxa6 e3
34. Ra5 e2 35. Bxe2 Rxe2 36. Rxa4 Bc5 37. Rc4 Kd6 38. b4 Bf2 39. g4 Kd5 40. Rc7
Re4 41. c3 Rxg4 42. Rxf7 Ke5 43. Rc7 Kxf5 44. b5 Ke5 45. Kc2 f5 46. c4 Bb6 47.
Rc6 Bd4 48. b6 Rg2+ 0-1